000 01396nam a2200373 c 4500
999 _c168324
_d168324
003 BLK
005 20250528170401.0
008 180411b bul|||||r ||||||| ||bul||
010 _aKNG00176208000
020 _a9789547338371
040 _aBLK
041 _aBUL
_cBUL
080 _aАнглийска литература
_b821.111
_x-93-31
_z821.111-93-31
100 1 _aЕверест, Д. Д.
_eпърви автор
_966509
139 _aЕверест, Д. Д.
_bЕ 17
245 1 0 _aАрчи Грийн и тайната на магьосника
_cД. Д. Еверест; прев. от англ. Иван Ханджиев.
257 _aGBR
260 _bПрозорец
_c2015
_fСофия : Инвестпрес
_aСофия
300 _a280 с.
_c20 см
380 _aDX
500 _aИзд. на Прозорче. - Ориг. загл. Archie Greene and the Magician's Secret / D. D. Everest.
653 _aфентъзи
653 _aромани
653 _aлитература за деца
653 _aдетска литература
700 _aХанджиев, Иван
_eпрев. от англ.
_91021
852 _aЦб 274525
856 4 _qpdf
856 4 _qpdf
942 _cKNG
_n0
_s1
_02
944 _aCR
_c02.06.2015
_lИва Цветкова
_k30543
944 _aED
_c04.02.2016
_lф /
_kПенка_Димитрова
999 _d168324